[Event "7th RTU Open 2017"]
[Site "Riga"]
[Date "2017.08.08"]
[Round "3"]
[White "Sulskis, Sarunas"]
[Black "Sanders, Isaac B"]
[Result "1-0"]
[WhiteElo "2519"]
[BlackElo "2359"]
[Annotator "TA"]
[PlyCount "43"]
[EventDate "2017.??.??"]
[EventType "swiss"]
[EventCountry "LAT"]
[SourceTitle "playchess.com"]
[Source "ChessBase"]
[SourceQuality "1"]

{[%evp 13,43,26,36,30,35,5,14,10,7,1,10,4,89,88,92,59,99,86,98,55,269,261,441,434,408,275,768,762,673,316,328,330]} 1. Nf3 f5 2. d3 {[%cal Bd2d3,Bd3d4,Bd4d5][%mdl 32]} Nc6 (2... Nf6 3. Nc3 d6 4. e4 g6 5. e5 dxe5 6. Nxe5 Bg7 7. d4 Be6 8. Be2 Nbd7 9. O-O Nxe5 10. dxe5 Nd5 11. Nxd5 Qxd5 12. Qxd5 Bxd5 {0-1 (60) Malakhov,V (2713)-Nepomniachtchi,I (2767) Doha 2016}) 3. d4 e6 4. g3 d6 5. Bg2 Nf6 6. O-O {A04: Unusual lines after 1 Nf3 and King's Indian Attack} Be7 7. c4 O-O {LiveBook: 10 Games} 8. d5 {White is slightly better.} Ne5 9. Nd4 Nxc4 10. dxe6 g6 $146 11. Bh6 {Black should prevent Qc1.} Re8 12. Bc6 Ng4 ({Wrong is} 12... Nxb2 $2 13. Qb3 $18 (13. Qe1 Ng4 $15)) (12... bxc6 $2 13. Nxc6 Bxe6 14. Nxd8 $18) (12... Rf8 $11 {remains equal.} 13. Bb5 (13. Bxf8 Bxf8 14. Bb5 Nb6 $14) 13... Ne5) 13. Bxe8 $16 Qxe8 14. Qc1 Nb6 {[#]} 15. Bg5 $1 c5 {[#]} 16. Nb5 $1 {Black must now prevent N1c3.} Bxg5 $2 (16... a6 $14 17. Nc7 Qd8 18. Nxa8 Bxg5) 17. Qxg5 $18 {Hoping for Nc7.} Qxb5 $2 (17... Bxe6 18. Nc7 (18. Nxd6 Qd7 $14) 18... Qd7) 18. Qd8+ Kg7 19. Nc3 Qc6 $2 (19... Qc4) 20. Qe7+ Kh6 21. f3 (21. Qf8+ $142 Kh5 22. h3) 21... Bxe6 22. fxg4 {Precision: White = 74%, Black = 37%.} ({Stronger than} 22. Qxe6 Re8 $11) 1-0

[Event "7th RTU Open 2017"]
[Site "Riga"]
[Date "2017.08.08"]
[Round "3"]
[White "Fedorovsky, Michael"]
[Black "Sirosh, Ilja"]
[Result "1-0"]
[WhiteElo "2467"]
[BlackElo "2299"]
[Annotator "TA"]
[PlyCount "57"]
[EventDate "2017.??.??"]
[EventType "swiss"]
[EventCountry "LAT"]
[SourceTitle "playchess.com"]
[Source "ChessBase"]
[SourceQuality "1"]

{[%evp 15,57,4,13,15,28,11,62,62,99,73,76,70,72,73,73,71,63,66,54,37,46,50,64,33,35,33,138,20,83,75,142,122,119,97,108,106,111,118,154,112,162,163,709,710]} 1. d4 Nf6 2. Nf3 g6 3. g3 Bg7 4. Bg2 d5 5. O-O O-O 6. c3 c6 7. Nbd2 Bf5 8. Nh4 Bg4 {LiveBook: 9 Games. D02: 1 d4 d5 2 Nf3 sidelines, including 2...Nf6 3 g3 and 2...Nf6 3 Bf4} (8... Be6 9. Qc2 Nbd7 10. f4 Bg4 11. Re1 e6 12. e4 Nxe4 13. Nxe4 dxe4 14. Qxe4 Bf6 15. Nf3 Bxf3 16. Qxf3 {1-0 (41) Karjakin,S (2767)-Dominguez Perez,L (2751) Baku 2014}) 9. f3 Bc8 $146 {[#] aiming for ...g5.} ({Predecessor:} 9... Bd7 10. e4 Na6 11. f4 dxe4 12. Nxe4 Qb6 13. Nxf6+ exf6 14. Qd3 Rfe8 15. Be3 Rad8 16. b4 {½-½ (31) Sandipan,C (2603)-Lichtenstern,C (2212) Bad Wiessee 2014}) 10. e4 c5 (10... Re8 $11) 11. e5 $1 $14 g5 {And now ...Ne8 would win.} 12. exf6 Bxf6 13. dxc5 gxh4 14. f4 hxg3 15. hxg3 Kh8 16. Qh5 Rg8 17. Qxd5 Qxd5 18. Bxd5 Rxg3+ 19. Kh2 {[%cal Bg1h2,Bh2g2,Bg2f2][%mdl 32]} (19. Kf2 $5 {[%cal Rf2g3]} Bh4 20. Nf3 Rg5+ 21. Nxh4 Rxd5 22. Be3 $14) 19... Rh3+ 20. Kg2 {Threatens to win with Bxb7!} Rd3 (20... Nc6 $14) 21. Bf3 ({Only move:} 21. Be4 $16 Bh3+ 22. Kh2 Bxf1 23. Bxb7) 21... Nc6 (21... Na6 $1 $11 {remains equal.}) 22. Ne4 $16 {[%cal Bd2e4,Be4g3,Bg3h5][%mdl 32]} Bg7 (22... Be6 $142) 23. Kf2 Bf5 24. Be3 Rd7 25. Ng3 Bd3 26. Rh1 e5 27. Nh5 exf4 28. Bxf4 Be5 $2 {[#]} (28... Bg6) 29. Bxc6 $1 {Precision: White = 76%, Black = 32%.} 1-0

[Event "7th RTU Open 2017"]
[Site "Riga"]
[Date "2017.08.08"]
[Round "3"]
[White "Hambleton, Aman"]
[Black "Gluhovsky, Mark"]
[Result "1-0"]
[WhiteElo "2461"]
[BlackElo "2281"]
[Annotator "TA"]
[PlyCount "67"]
[EventDate "2017.??.??"]
[EventType "swiss"]
[EventCountry "LAT"]
[SourceTitle "playchess.com"]
[Source "ChessBase"]
[SourceQuality "1"]

{[%evp 23,67,-11,0,-18,-29,-8,48,56,66,20,11,0,0,-9,20,35,111,111,85,102,108,114,172,192,187,162,159,89,155,123,132,133,205,178,351,362,565,530,1074,919,2017,1627,29982,29983,29983,29983]} 1. e4 c5 2. Ne2 Nc6 3. Nbc3 Nf6 4. g3 g6 5. d4 cxd4 6. Nxd4 Bg7 7. Nde2 O-O 8. Bg2 Rb8 9. a4 d6 10. O-O a6 11. h3 b5 12. axb5 axb5 13. Bg5 {B70: Sicilian Dragon: 6 g3 and 6 Be2 (without a later Be3)} h6 14. Be3 Ne5 (14... b4 $11 15. Nd5 Nd7) (14... b4 15. Nd5 Nd7 16. Qc1 Kh7 17. Rd1 Bb7 18. Nd4 e6 19. Nxc6 Bxc6 20. Nf4 Ne5 {1-0 (42) Polgar,J (2709)-Mamedov,R (2628) Konya 2012}) 15. b3 $14 {White is slightly better.} Bb7 $146 ({Predecessor:} 15... Bd7 16. Nd5 Nxd5 17. exd5 f5 18. f4 Nf7 19. Bd4 Bxd4+ 20. Nxd4 Qb6 21. Kh2 Ra8 22. Re1 Rfe8 23. Rxa8 {1-0 (23) Vulicevic,N (2320)-Moskow,E (2240) New York 1992}) 16. f4 {[%cal Bf2f4,Bf4f5][%mdl 32]} Ned7 {White must now prevent ...b4.} 17. Ra7 {Hoping for Rxb7!} b4 18. Nd5 $36 {[%mdl 2048] And now Nxf6+ would win. White is pushing.} Nxd5 19. exd5 Nc5 {[#]} ({Black should play} 19... Qc7 $14) 20. f5 $1 $16 Qb6 21. Ra2 g5 22. Nd4 Bf6 {[#]} (22... Nd7 $16) 23. h4 $1 $18 {[%mdl 512]} Ra8 (23... gxh4 24. gxh4) 24. Rxa8 Rxa8 25. hxg5 (25. Re1 $142) 25... hxg5 (25... Bxg5 $142 26. Qg4 Nd7 27. Bxg5 Ne5) 26. Qd2 Ra2 27. Rf2 Ra1+ {[#]} (27... Nd7 $16) 28. Kh2 $1 Ra2 $2 (28... Ra8 29. Nc6 (29. Bxg5 Ne4 $16) 29... Bxc6) 29. Nc6 ({Less strong is} 29. Bxg5 Ne4 $16) 29... Bxc6 (29... Nxb3 $142 30. cxb3 (30. Bxb6 Nxd2 31. Nxb4 Rb2 $17) 30... Rxd2 31. Bxb6 Rxf2) 30. dxc6 Qa5 31. Bxg5 Nxb3 32. Qf4 Qc5 33. Bxf6 exf6 34. Re2 {Precision: White = 67%, Black = 14%.} 1-0

[Event "7th RTU Open 2017"]
[Site "Riga"]
[Date "2017.08.08"]
[Round "3"]
[White "Ochsner, Bjorn Moller"]
[Black "Onischuk, Vladimir"]
[Result "0-1"]
[WhiteElo "2443"]
[BlackElo "2610"]
[Annotator "TA"]
[PlyCount "110"]
[EventDate "2017.??.??"]
[EventType "swiss"]
[EventCountry "LAT"]
[SourceTitle "playchess.com"]
[Source "ChessBase"]
[SourceQuality "1"]

{[%evp 17,110,36,48,-43,10,0,30,32,28,31,50,37,43,52,57,47,44,46,55,49,67,53,66,33,35,-6,-6,-9,-7,-24,0,-11,0,-3,0,-5,-9,-16,-16,-15,-16,-15,-14,-16,-14,-10,-6,-58,-46,-29,-25,-44,-40,-34,0,-3,-8,-78,-78,-96,-87,-83,-48,-61,-4,-8,-8,-8,0,-66,-65,-65,-66,-65,-28,-26,-14,-14,-14,-853,-849,-4922,-4922,-4922,-4898,-687,-687,-29983,-29984,-29984,-29985,-29985,-29986,-29986,-29987]} 1. e4 d6 2. d4 Nf6 3. Nc3 g6 4. Be3 c6 5. Qd2 Nbd7 6. f3 b5 7. g4 Nb6 8. b3 Bg7 {B07: Pirc Defence: Miscellaneous Systems} (8... Bb7 9. g5 Nfd7 10. h4 Bg7 11. h5 Rg8 12. a4 b4 13. Nce2 a5 14. c4 c5 15. Rc1 e6 16. d5 exd5 17. exd5 {1-0 (40) Berbatov,K (2454)-Chatalbashev,B (2602) Bankia 2011}) 9. g5 Nh5 {[%cal Bf6h5,Bh5f4,Bf4h3][%mdl 32] LiveBook: 3 Games} 10. Rd1 ({White should play} 10. Nce2 $14) 10... Qc7 $146 (10... f5 $15) ({Predecessor:} 10... O-O 11. Nce2 f5 12. gxf6 Bxf6 13. Ng3 Bh4 14. Bf2 Nf4 15. N1e2 Nh3 16. Bxh3 Bxh3 {½-½ (26) Haskel,J (2241)-Goumas,G (2391) Golden Sands 2014}) 11. Nce2 e5 12. Ng3 Nf4 13. N1e2 Nh3 14. dxe5 dxe5 15. Qd6 Qxd6 16. Rxd6 h6 17. gxh6 Bxh6 18. Bxh6 Rxh6 19. Rxc6 Ng5 20. Kf2 Bd7 21. Rd6 (21. Rc5 {with more complications.} Ke7 22. Rxe5+ Ne6 23. Nd4 Kf6 24. Rxe6+ fxe6 25. Bxb5 Bxb5 26. Nxb5 Nd7 27. h3) 21... Ke7 22. Rd3 $132 {[%mdl 2048] White is not keeping still} Rah8 23. Kg1 (23. h3 $5) 23... Ne6 24. Bg2 b4 25. Rd2 Rh4 26. c4 Nc5 27. Nf1 f5 28. exf5 gxf5 29. Ne3 Be6 30. h3 a5 31. Kf2 a4 32. Rb1 (32. Nc1 $11) 32... axb3 $15 33. axb3 f4 34. Ng4 Nbd7 35. Rbd1 Rxh3 36. Bxh3 Rxh3 37. Rg1 (37. Rd5 $11 {keeps the balance.}) 37... e4 $1 $17 38. fxe4 ({But not} 38. Nd4 $2 Bxg4 39. Nc6+ Ke8 $19) 38... Nxe4+ 39. Ke1 Nxd2 40. Kxd2 Rxb3 (40... Nc5 $1 $15 41. Nxf4 Nxb3+ 42. Ke1 Rc3) 41. Nxf4 $11 Bxc4 {next ...Kd6 is good for Black.} 42. Ne3 Bf7 43. Ned5+ ({White should try} 43. Nd3 $11) 43... Kd6 $1 $15 44. Kc2 Rf3 45. Rd1 b3+ 46. Kb2 $1 Nc5 {Hoping for ...Na4+.} (46... Kc5 $5 {[%cal Rd7e5]} 47. Nd3+ Kb5 48. Nc3+ Kc4 $17) 47. Nb4+ Kc7 48. Rc1 $2 {[%mdl 8192] [#]} (48. Nbd3 $11) 48... Kb6 $1 $19 ({Less strong is} 48... Rxf4 49. Rxc5+ Kd6 50. Rc6+ Ke7 51. Nd3 $15) 49. Nfd5+ Kb5 {( -> ...Na4+)} 50. Ka3 Bxd5 51. Nxd5 {[#]} b2+ $1 {[%mdl 512]} 52. Nc3+ (52. Kxb2 Nd3+) 52... Kc4 {Black mates.} 53. Kxb2 Nd3+ 54. Kc2 Nxc1 55. Ne4 Nb3 {Precision: White = 44%, Black = 65%.} 0-1

[Event "7th RTU Open 2017"]
[Site "Riga"]
[Date "2017.08.08"]
[Round "3"]
[White "Lugovskoy, Maxim"]
[Black "Stocek, Jiri"]
[Result "1/2-1/2"]
[WhiteElo "2440"]
[BlackElo "2583"]
[Annotator "TA"]
[PlyCount "61"]
[EventDate "2017.??.??"]
[EventType "swiss"]
[EventCountry "LAT"]
[SourceTitle "playchess.com"]
[Source "ChessBase"]
[SourceQuality "1"]

{[%evp 9,61,28,25,25,28,0,0,-8,0,-8,-12,-16,-2,-9,0,-2,0,0,24,19,23,25,33,5,35,42,42,-4,-12,-16,-22,-114,-122,-124,-120,-181,-197,-239,-255,-249,-211,-200,0,-116,0,0,0,0,0,0,0,0,0,0]} 1. e4 g6 2. d4 Bg7 3. Nc3 d6 4. Bg5 a6 5. a4 Nc6 6. Nge2 {B06: Modern Defence} Nf6 7. g3 $146 ({Predecessor:} 7. Qd2 h6 8. Bf4 e5 9. dxe5 dxe5 10. Qxd8+ Kxd8 11. O-O-O+ Bd7 12. Bd2 Kc8 {1-0 (53) Balogh,C (2621)-Dinstuhl,V (2409) Germany 2017}) 7... h6 8. Bxf6 Bxf6 9. Nd5 Bg7 10. Bg2 e5 {[%cal Rc6d4]} 11. c3 Bg4 12. f3 Bd7 13. O-O Ne7 14. Ne3 O-O 15. f4 h5 16. Kh1 Rb8 17. b4 Qe8 18. Qd3 exd4 19. cxd4 Bxa4 {Black wants to play ...Bb5.} 20. Rxa4 (20. Nc3 $11 {keeps the balance.} Bd7 21. f5) 20... Qxa4 $17 21. f5 Nc6 22. Nd5 (22. fxg6 $17 fxg6 23. e5 Rxf1+ 24. Bxf1) 22... Nxb4 $19 23. Ne7+ Kh7 24. Qf3 Rbe8 25. f6 Bh8 $2 (25... Bh6 $19 {...Nc2 is the strong threat.} 26. Nf4 Nc2) 26. e5 (26. g4 $1 $11 Qb5 27. gxh5 Qxh5 28. Qxh5+ gxh5 29. e5) 26... Nc6 {[#]} ({Better is} 26... dxe5 $17 27. Nc3 Qb3) 27. Qxh5+ $3 $11 {[%mdl 512] The position is equal.} gxh5 28. Be4+ Kh6 29. Nf5+ Kh7 30. Ne7+ $1 Kh6 31. Nf5+ {Precision: White = 51%, Black = 69%.} 1/2-1/2

[Event "7th RTU Open 2017"]
[Site "Riga"]
[Date "2017.08.08"]
[Round "3"]
[White "Gholami, Aryan"]
[Black "Braun, Arik"]
[Result "1/2-1/2"]
[WhiteElo "2434"]
[BlackElo "2577"]
[Annotator "TA"]
[PlyCount "61"]
[EventDate "2017.??.??"]
[EventType "swiss"]
[EventCountry "LAT"]
[SourceTitle "playchess.com"]
[Source "ChessBase"]
[SourceQuality "1"]

{[%evp 18,61,0,0,24,35,49,49,27,-41,-41,-37,-31,-41,-41,-42,-36,-37,-28,-27,-29,-29,-8,-8,-8,-5,0,-15,-16,-26,-10,-23,-10,-9,-8,-9,-9,-8,-8,-15,0,-11,-11,-11,-9,-13]} 1. e4 c5 2. Nf3 e6 3. d4 cxd4 4. Nxd4 Nc6 5. Nxc6 bxc6 6. Bd3 Nf6 7. O-O d5 8. Nc3 Be7 9. Qf3 O-O 10. Re1 d4 {B40: Sicilian: 2...e6, Unusual lines} 11. e5 dxc3 12. exf6 Bxf6 {White is slightly better.} 13. bxc3 (13. b4 $11) 13... Qa5 $1 $15 14. Qxc6 $146 {[#] And now Qe4 would win.} ({Find the theoretical novelty and annotate with similar games:} 14. Bd2 Ba6 15. Qxc6 Bxd3 16. cxd3 Rac8 17. Qe4 Bxc3 18. Bxc3 Rxc3 {½-½ (53) Wibe,T (2380)-Stein,B (2380) Oslo 1985}) 14... Bd7 15. Qxd7 {aiming for Rb1.} Bxc3 16. Bd2 $1 {[%cal Rd2c3]} Bxd2 17. Re4 Bc3 18. Rd1 Rfd8 19. Qa4 Qh5 20. Rb1 g6 21. g3 Rab8 22. Rb3 Ba5 23. Rh4 Qe5 24. Qf4 Qxf4 25. Rxf4 {The position is equal.} Bb6 26. Kg2 Rbc8 27. a4 f5 28. Rc4 e5 29. Rxc8 Rxc8 30. f3 Kf7 31. Rb5 {Precision: White = 78%, Black = 60%.} 1/2-1/2

[Event "7th RTU Open 2017"]
[Site "Riga"]
[Date "2017.08.08"]
[Round "3"]
[White "Laurusas, Tomas"]
[Black "Sanal, Vahap"]
[Result "1/2-1/2"]
[WhiteElo "2409"]
[BlackElo "2539"]
[Annotator "TA"]
[PlyCount "64"]
[EventDate "2017.??.??"]
[EventType "swiss"]
[EventCountry "LAT"]
[SourceTitle "playchess.com"]
[Source "ChessBase"]
[SourceQuality "1"]

{[%evp 17,64,7,9,-1,11,0,16,29,43,44,42,18,18,17,17,10,18,14,39,18,18,10,18,18,28,18,18,18,35,35,35,35,35,35,35,0,35,35,39,35,39,0,0,0,0,0,0,0,0]} 1. d4 Nf6 2. c4 e6 3. Nf3 b6 4. g3 Bb7 5. Bg2 Be7 6. O-O O-O 7. Nc3 Ne4 8. Bd2 d6 9. Nxe4 {E18: Queen's Indian: Old Main Line (4 g3 Bb7 5 Bg2 Be7 6 0-0 0-0 7 Nc3)} (9. d5 Nxd2 10. Nxd2 e5 11. b4 a5 12. bxa5 Rxa5 13. Nb3 Ra8 14. a4 Bc8 15. a5 Na6 16. Nb5 f5 17. Ra3 f4 18. axb6 cxb6 19. Nd2 Bg4 20. Bf3 Bh3 21. Bg2 Bg4 22. Bf3 Bh3 23. Bg2 {½-½ (23) Tomashevsky,E (2711)-Rapport,R (2692) Sharjah 2017}) 9... Bxe4 {LiveBook: 5 Games} 10. Bc3 Nd7 11. d5 {dxe6 is the strong threat.} exd5 $146 ({Predecessor:} 11... e5 12. Nxe5 Nxe5 13. Bxe4 f5 14. Bg2 Bf6 15. Qc2 g6 16. Rae1 Bg7 {1-0 (33) Laxman,R (2461)-Yogit,S (1985) Chennai 2012}) 12. cxd5 Bxf3 13. Bxf3 f5 14. b4 Bf6 15. Rc1 a5 16. a3 axb4 17. axb4 Rf7 18. Bxf6 Nxf6 19. Ra1 g6 20. Qd4 Kg7 21. Rfc1 Re7 22. e3 h5 23. h4 Qe8 24. Rxa8 Qxa8 25. Ra1 Qe8 26. Rc1 Qf7 27. Rc6 Kh7 28. Bg2 Qg7 29. Rc1 Ne4 {The position is equal.} 30. Qxg7+ Kxg7 31. Kf1 Nf6 32. Ke2 Ng4 {Precision: White = 57%, Black = 56%.} 1/2-1/2

[Event "7th RTU Open 2017"]
[Site "Riga"]
[Date "2017.08.08"]
[Round "3"]
[White "Lodici, Lorenzo"]
[Black "Zakhartsov, Viacheslav V"]
[Result "0-1"]
[WhiteElo "2408"]
[BlackElo "2539"]
[Annotator "TA"]
[PlyCount "94"]
[EventDate "2017.??.??"]
[EventType "swiss"]
[EventCountry "LAT"]
[SourceTitle "playchess.com"]
[Source "ChessBase"]
[SourceQuality "1"]

{[%evp 21,94,16,27,0,0,-14,16,8,35,19,18,2,12,0,0,0,0,0,9,13,21,26,35,27,22,12,31,26,30,25,26,26,43,44,159,162,168,164,206,222,427,435,418,423,425,422,386,241,372,366,406,405,527,278,1033,988,940,741,757,701,727,703,683,243,249,172,145,-29983,-29984,-29984,-29985,-29985,-29986,-29984,-29944]} 1. d4 Nf6 2. c4 e6 3. Nc3 Bb4 4. e3 O-O 5. Bd3 d5 6. Nf3 b6 7. a3 Bxc3+ 8. bxc3 dxc4 9. Bxc4 c5 10. O-O Qc7 11. Qe2 Bb7 12. Bd3 {E54: Nimzo-Indian: Rubinstein: Main Line: 7...dxc4 8 Bxc4} (12. Ne5 Nbd7 13. Nxd7 Qxd7 14. f3 Rac8 15. Bb2 Nd5 16. Bb5 Qe7 17. Bd3 c4 18. Bc2 e5 19. Rfe1 f5 20. dxe5 Qxe5 {½-½ (29) Maiorov,N (2552)-Postny,E (2662) Plovdiv 2012}) 12... Be4 13. a4 Nbd7 14. Bb2 $146 {The position is equal.} ({Predecessor:} 14. Nd2 Bxd3 15. Qxd3 Rfd8 16. e4 cxd4 17. cxd4 Rac8 18. f3 Ne5 19. Qe3 Nc4 20. Nxc4 Qxc4 {½-½ (47) Sbarra,M (2305)-Pelizzola,D (2010) Milan 2012}) 14... Rac8 15. Ba6 Bb7 16. Bxb7 Qxb7 17. c4 cxd4 18. exd4 Qe4 19. Qd1 Qb7 (19... Qf5 $5 {[%cal Rc8c4]}) 20. Qb3 Rc7 21. Rfe1 Rfc8 22. Nd2 h6 23. h3 a6 24. Rab1 Qc6 25. Ba3 Rb7 26. Rbc1 Rd8 27. Nf3 {[%cal Bd2f3,Bf3d4,Bd4f5,Bf5h6,Bh6f7,Bf7e5][%mdl 32]} Rbb8 {[#]} (27... Ra8 $14) 28. d5 $1 $36 {[%cal Rd5c6][%mdl 2560] White has strong initiative.} exd5 29. Nd4 Qa8 30. Nf5 dxc4 $2 (30... Kh7 31. Qc2 Kh8) 31. Qg3 $18 {[%csl Gf5][%cal Rg3g7]} Nh5 {[#]} 32. Nxh6+ $1 Kh7 33. Qg5 Ndf6 34. Nxf7 Rd3 (34... Qd5 {was necessary.}) 35. Bb2 {[%cal Ba3b2,Bb2c3,Bc3d4][%mdl 32] And now Bxf6 would win.} Qd5 36. Ne5 Rb3 37. Bc3 b5 $2 (37... Kg8 38. Rcd1 Qb7) 38. Rcd1 Qc5 39. Bd4 Qc7 40. g4 Kg8 41. gxh5 Rxh3 42. h6 $2 (42. Qg2 Rh4 {[#]} 43. Nd7 $1 {[%mdl 512]} Qxd7 44. Bxf6) 42... Rxh6 43. Ng4 Nxg4 44. Re7 $2 {[%mdl 8192] [#]} (44. Qxg4 $16 Qf7 45. Re5) 44... Rh1+ $1 {[%mdl 512] Black mates.} 45. Kg2 (45. Kxh1 Qh2#) 45... Qh2+ 46. Kf3 Rf8+ 47. Bf6 Rxf6+ {Precision: White = 54%, Black = 35%.} 0-1

[Event "7th RTU Open 2017"]
[Site "Riga"]
[Date "2017.08.08"]
[Round "3"]
[White "Lostuzzi, Manlio"]
[Black "Sasikiran, Krishnan"]
[Result "0-1"]
[WhiteElo "2405"]
[BlackElo "2688"]
[Annotator "TA"]
[PlyCount "66"]
[EventDate "2017.??.??"]
[EventType "swiss"]
[EventCountry "LAT"]
[SourceTitle "playchess.com"]
[Source "ChessBase"]
[SourceQuality "1"]

{[%evp 21,66,26,24,36,53,55,23,0,12,2,36,36,36,36,36,36,36,32,34,34,30,11,12,12,11,0,0,-34,0,0,0,0,0,-89,-120,-217,-255,-253,-253,-239,-229,-789,-379,-514,-506,-566,-565]} 1. d4 Nf6 2. c4 e6 3. g3 c5 4. Nf3 cxd4 5. Nxd4 d5 6. Bg2 e5 7. Nf3 d4 8. O-O Nc6 9. e3 Bc5 10. exd4 exd4 11. Nbd2 O-O 12. Nb3 {E01: Catalan: Early deviations} Qb6 13. Nxc5 (13. Bg5 Ne4 14. Bf4 Re8 15. Re1 Bg4 16. h3 Bh5 17. g4 Bg6 18. Nh4 d3 19. Nxc5 Nxc5 {0-1 (46) Smirnov,P (2564)-Grischuk,A (2752) Cheliabinsk 2016}) 13... Qxc5 14. b3 {White has an edge.} Bg4 15. h3 Bh5 16. Bb2 Rfd8 $146 ({Find the theoretical novelty and annotate with similar games:} 16... Rad8 17. Re1 Rd7 18. Qd2 Rfd8 19. Rad1 h6 {1-0 (50) Petrosyan,M (2449)-Hambartsumian,Y (2322) Yerevan 2015}) 17. Re1 a5 18. Qd2 a4 19. Rad1 {aiming for g4.} axb3 20. axb3 {And now g4 would win.} Ra2 21. Ra1 Rxa1 22. Bxa1 h6 23. Rd1 Ne4 24. Qe1 Bxf3 25. Bxf3 Ng5 $36 {[%cal Be4g5,Bg5h3,Bh3f2,Bf2g4,Bg4e3,Be3c2][%mdl 2080] Black has good play.} 26. Bg2 Qf5 27. f4 (27. b4 $11 {keeps the balance.}) 27... Nxh3+ $17 28. Kh2 {[#]} (28. Kf1 $17) 28... Nf2 $1 $19 {[%mdl 512]} 29. Rd2 {[#]} (29. Qxf2 Qh5+) 29... Ng4+ $1 30. Kg1 Qc5 31. Be4 $2 (31. Bf3 h5 32. Bxg4 hxg4 33. Bb2) 31... d3+ (31... Re8 $142 32. Bh7+ Kf8) 32. Kg2 Ne3+ 33. Kf3 Nc2 $1 {Precision: White = 28%, Black = 72%.} 0-1

[Event "7th RTU Open 2017"]
[Site "Riga"]
[Date "2017.08.08"]
[Round "3"]
[White "Harsha Bharathakoti"]
[Black "Shirov, Alexei"]
[Result "1/2-1/2"]
[WhiteElo "2404"]
[BlackElo "2648"]
[Annotator "TA"]
[PlyCount "60"]
[EventDate "2017.??.??"]
[EventType "swiss"]
[EventCountry "LAT"]
[SourceTitle "playchess.com"]
[Source "ChessBase"]
[SourceQuality "1"]

{[%evp 27,60,0,0,-17,0,-8,0,-6,0,-7,0,0,0,0,0,0,0,-5,0,-4,6,6,6,6,11,11,10,2,6,-33,-33,-33,-33,-33,-33]} 1. d4 d5 2. c4 c6 3. Nc3 Nf6 4. Nf3 e6 5. e3 Nbd7 6. Qc2 Bd6 7. Bd3 O-O 8. O-O dxc4 9. Bxc4 b5 10. Bd3 Bb7 11. a3 Qe7 12. Ng5 {D46: Semi-Slav: 5 e3 Nbd7 6 Bd3, Black avoids the Meran} (12. e4 e5 13. Bg5 Rfe8 14. dxe5 Nxe5 15. Nxe5 Bxe5 16. f4 Bd4+ 17. Kh1 h6 18. Bh4 Qc5 19. e5 Nd5 {0-1 (41) Kasimdzhanov,R (2672)-Gelfand,B (2755) Jermuk 2009}) 12... h6 13. Nge4 Nxe4 14. Nxe4 c5 {LiveBook: 6 Games} 15. Bxb5 {[#]} (15. Nxd6 {keeps more tension.} Qxd6 16. Bxb5 cxd4 17. Rd1 Rac8 18. Qe2) 15... cxd4 $146 {[#] Threatens to win with ...Rac8.} (15... Bxh2+ $5 16. Kxh2 Qh4+ 17. Kg1 Bxe4 $11) ({Predecessor:} 15... Bxh2+ 16. Kxh2 Qh4+ 17. Kg1 Bxe4 18. Qe2 Rfd8 19. f3 Bg6 {1-0 (29) Gajewski,G (2569)-Szabo,K (2517) Cappelle-la-Grande 2011}) 16. Bxd7 Qxd7 17. Nxd6 Qxd6 18. exd4 Qd5 {[%csl Gb7][%cal Rd5g2]} 19. f3 Qxd4+ 20. Qf2 Qxf2+ 21. Rxf2 a5 22. a4 Rfc8 23. Bd2 Rc4 24. b3 Rd4 25. Be1 Bd5 26. Rb2 Rb8 27. Bxa5 {[#] And now b4 would win.} Rxb3 28. Rxb3 Bxb3 {Black is slightly better.} 29. Bb6 Rxa4 30. Rxa4 Bxa4 {Precision: White = 59%, Black = 42%.} 1/2-1/2

[Event "7th RTU Open 2017"]
[Site "Riga"]
[Date "2017.08.08"]
[Round "3"]
[White "Kumsiashvili, Nikoloz"]
[Black "Berelowitsch, Alexander"]
[Result "1-0"]
[WhiteElo "2403"]
[BlackElo "2527"]
[Annotator "TA"]
[PlyCount "67"]
[EventDate "2017.??.??"]
[EventType "swiss"]
[EventCountry "LAT"]
[SourceTitle "playchess.com"]
[Source "ChessBase"]
[SourceQuality "1"]

{[%evp 15,67,47,37,35,45,33,44,39,70,53,112,100,196,208,218,189,193,184,190,169,192,172,198,193,237,231,199,200,214,204,209,211,371,368,365,349,376,343,369,352,385,368,597,585,810,790,765,552,519,517,518,502,565,556]} 1. d4 f5 2. g3 Nf6 3. Bg2 g6 4. Nf3 Bg7 5. O-O O-O 6. c4 d6 7. Nc3 Qe8 8. Re1 e5 9. e4 {Black must now prevent dxe5. A87: Dutch Defence: Leningrad System: 5 Nf3} (9. dxe5 dxe5 10. e4 Nc6 11. Nd5 fxe4 12. Ng5 Nxd5 13. cxd5 Nd4 14. Nxe4 Bf5 15. Be3 Qd7 16. Qd2 Bxe4 17. Bxe4 Nf3+ 18. Bxf3 Rxf3 {½-½ (46) Amin,B (2663)-Idani,P (2573) Dubai 2017}) 9... Nc6 10. exf5 Bxf5 11. h3 $146 {White is slightly better.} ({Find the theoretical novelty and annotate with similar games:} 11. dxe5 dxe5 12. Bg5 h6 13. Bxf6 Bxf6 14. Nd5 Qf7 15. Nxf6+ Qxf6 16. Qd5+ Be6 17. Qe4 Bf5 18. Qd5+ Be6 19. Qe4 Bf5 20. Qd5+ Be6 {½-½ (20) Safargaliyev,T (1963)-Minbayev,B (2038) Sochi 2016}) 11... Rd8 12. d5 Nb4 (12... Ne7 $1 $14) 13. g4 $1 $16 {[%cal Rg4f5]} Nxg4 (13... Bc8 $16) 14. hxg4 $18 Bxg4 15. a3 Na6 {[#]} 16. Ne4 $1 Nc5 17. a4 Rd7 18. Nxc5 dxc5 19. Re4 Bh5 20. Qb3 Rdf7 {[%cal Rh5f3]} 21. Ng5 Rxf2 22. Be3 (22. Qxb7 h6 $11) 22... Rxg2+ 23. Kxg2 h6 $2 (23... Qe7 24. Kh2 (24. Qxb7 h6 $11) 24... b6) 24. Bxc5 Rf5 25. Ne6 (25. Qxb7 Rxg5+ 26. Kh3 Qd7+ 27. Kh2 Bf3 $19) 25... Qf7 {And now ...Bf3+ would win.} 26. Ra3 b6 27. Bg1 Bf8 {[#]} 28. c5 $1 bxc5 $2 (28... Be7 29. Qc3 (29. Nxc7 Rg5+ 30. Kh2 Qf1 $17) 29... bxc5) 29. Qb8 {White is clearly winning.} Bf3+ {[#]} 30. Rxf3 $1 Rxf3 31. Qxf8+ Qxf8 32. Nxf8 Rxf8 33. Bxc5 Rb8 34. b4 {Precision: White = 89%, Black = 32%.} 1-0